[Event "Sachsen-Anhalt-ch op"]
[Site "Magdeburg"]
[Date "2022.11.01"]
[Round "7"]
[White "Kern, Rene"]
[Black "Domroese, Michael"]
[Result "0-1"]
[WhiteElo "1763"]
[BlackElo "1830"]
[PlyCount "76"]
[EventDate "2022.10.29"]
[EventType "swiss"]
[EventRounds "7"]
[EventCountry "GER"]
[SourceTitle "CBM 211 Extra"]
[Source "ChessBase"]
[SourceDate "2023.01.31"]
[SourceVersion "1"]
[SourceVersionDate "2023.01.31"]
[SourceQuality "1"]

1. d4 d5 2. Nf3 e6 3. Bf4 Nf6 4. e3 c5 5. c3 Nc6 6. Nbd2 cxd4 7. exd4 Bd6 8. Be3 Ng4 9. Bg5 Qc7 10. h3 Nf6 11. Bxf6 gxf6 12. Bb5 Bd7 13. 0-0 0-0-0 14. Re1 Rhg8 15. Bf1 e5 16. dxe5 fxe5 17. Kh1 Qb6 18. Re2 e4 19. Nd4 Nxd4 20. cxd4 Bc7 21. Nb3 Bg4 22. Qc2 Qd6 23. g3 Bxe2 24. Bxe2 f5 25. Rg1 f4 26. Bg4+ Kb8 27. Qc5 Qh6 28. gxf4 Qxf4 29. Rg2 h5 30. Be6 Rxg2 31. Kxg2 Qh2+ 32. Kf1 Qh1+ 33. Ke2 Qf3+ 34. Ke1 Rf8 35. Qxd5 Qxf2+ 36. Kd1 Qf1+ 37. Kc2 Qd3+ 38. Kc1 Rf1# 0-1

[Event "Sachsen-Anhalt Verbandsliga 1920"]
[Site "Sachsen Anhalt"]
[Date "2020.09.20"]
[Round "7.6"]
[White "Kirmas, Joachim"]
[Black "Kern, Rene"]
[Result "0-1"]
[WhiteElo "1876"]
[BlackElo "1708"]
[PlyCount "52"]
[EventDate "2019.09.29"]
[EventType "team-tourn"]
[EventRounds "9"]
[EventCountry "GER"]
[SourceTitle "EXT 2023"]
[Source "ChessBase"]
[SourceDate "2022.10.05"]
[SourceVersion "1"]
[SourceVersionDate "2022.10.05"]
[SourceQuality "1"]
[WhiteTeam "Halle USV II"]
[BlackTeam "Reideburg 90 Halle"]
[WhiteTeamCountry "GER"]
[BlackTeamCountry "GER"]

1. e4 c5 2. d4 cxd4 3. c3 dxc3 4. Nxc3 e6 5. Nf3 Nc6 6. Bc4 Qc7 7. 0-0 Nf6 8. Qe2 Ng4 9. Rd1 Bc5 10. Be3 Nxe3 11. fxe3 0-0 12. Rac1 Qf4 13. Nd4 Nxd4 14. exd4 Bxd4+ 15. Kh1 Be5 16. Qh5 g6 17. Qh3 d5 18. Bd3 Bxc3 19. Rxc3 dxe4 20. Rf1 e5 21. Rxc8 Raxc8 22. Rxf4 exf4 23. Bf1 Rc1 24. Kg1 Rd8 25. Qh6 Rdd1 26. Qxf4 Rxf1+ 0-1

[Event "Berlin Spandau op"]
[Site "Berlin"]
[Date "2019.12.28"]
[Round "3"]
[White "Bolon, Karelle"]
[Black "Kern, Rene"]
[Result "1-0"]
[WhiteElo "2008"]
[BlackElo "1775"]
[PlyCount "83"]
[EventDate "2019.12.27"]
[EventType "swiss"]
[EventRounds "7"]
[EventCountry "GER"]
[SourceTitle "CBM 194 Extra"]
[Source "ChessBase"]
[SourceDate "2020.03.31"]
[SourceVersion "1"]
[SourceVersionDate "2020.03.31"]
[SourceQuality "1"]

1. d4 e6 2. c4 Nf6 3. g3 c5 4. d5 exd5 5. cxd5 d6 6. Nc3 Be7 7. Bg2 Nbd7 8. Nf3 0-0 9. 0-0 Re8 10. Re1 a6 11. a4 b6 12. e4 Bf8 13. Qc2 Bb7 14. Bf4 Qc7 15. Nd2 Rab8 16. Bf1 Nh5 17. Bg5 h6 18. Be3 Nhf6 19. h3 Ne5 20. f4 Ned7 21. Rad1 g6 22. Bf2 Bg7 23. Nf3 Nh7 24. Bc4 Nhf8 25. Qb3 Qd8 26. Rd2 g5 27. e5 dxe5 28. fxg5 hxg5 29. Ne4 Nh7 30. Nd6 Rf8 31. Nf5 Qf6 32. Bd3 Rbc8 33. Qc4 Rfd8 34. Qe4 Ndf8 35. Ne3 Ng6 36. Bc4 Qd6 37. Qg4 f6 38. Nf5 Qd7 39. d6+ Kh8 40. N3h4 gxh4 41. Qxg6 Qxa4 42. Qxg7# 1-0

[Event "Berlin Spandau op"]
[Site "Berlin"]
[Date "2019.12.27"]
[Round "1"]
[White "Fromm, Marius"]
[Black "Kern, Rene"]
[Result "1-0"]
[WhiteElo "2194"]
[BlackElo "1775"]
[PlyCount "43"]
[EventDate "2019.12.27"]
[EventType "swiss"]
[EventRounds "7"]
[EventCountry "GER"]
[SourceTitle "CBM 194 Extra"]
[Source "ChessBase"]
[SourceDate "2020.03.31"]
[SourceVersion "1"]
[SourceVersionDate "2020.03.31"]
[SourceQuality "1"]

1. Nf3 c5 2. c4 b6 3. g3 Bb7 4. Bg2 Nf6 5. Nc3 e6 6. 0-0 Be7 7. d4 cxd4 8. Qxd4 d6 9. Rd1 a6 10. b3 Qc7 11. Ba3 d5 12. Bxe7 Nc6 13. Bd6 Qxd6 14. Qxb6 0-0 15. e4 Nd7 16. Qe3 Nb4 17. Rac1 Qb6 18. Qxb6 Nxb6 19. exd5 exd5 20. a3 dxc4 21. axb4 cxb3 22. Rb1 1-0

[Event "Leipzig VfB op 23rd"]
[Site "Leipzig"]
[Date "2016.03.15"]
[Round "1"]
[White "Kern, Rene"]
[Black "Collini, Carsten"]
[Result "0-1"]
[WhiteElo "1756"]
[BlackElo "2160"]
[PlyCount "46"]
[EventDate "2016.03.15"]
[EventType "swiss"]
[EventRounds "9"]
[EventCountry "GER"]
[SourceTitle "EXT 2017"]
[Source "ChessBase"]
[SourceDate "2016.10.25"]
[SourceVersion "1"]
[SourceVersionDate "2016.10.25"]
[SourceQuality "1"]

1. e4 e5 2. Nf3 Nc6 3. Bc4 Nf6 4. d3 Be7 5. c3 d6 6. Bb3 0-0 7. h3 Nd7 8. Nbd2 Nc5 9. Bc2 f5 10. d4 Nxe4 11. Nxe4 fxe4 12. Bxe4 d5 13. Qb3 Be6 14. Nxe5 Nxe5 15. dxe5 Bc5 16. Bf3 Qh4 17. g3 Bxf2+ 18. Kxf2 Rxf3+ 19. Kxf3 Qe4+ 20. Kf2 Qxh1 21. Ke2 Rf8 22. Kd3 Qe4+ 23. Kd2 Rf2+ 0-1